| 000 -LEADER |
| fixed length control field |
nam a22 a 4500 |
| 003 - CONTROL NUMBER IDENTIFIER |
| control field |
AKMAL |
| 005 - DATE AND TIME OF LATEST TRANSACTION |
| control field |
20171030092543.0 |
| 008 - FIXED-LENGTH DATA ELEMENTS--GENERAL INFORMATION |
| fixed length control field |
160506s2013 my e l 000 0 may d |
| 020 ## - INTERNATIONAL STANDARD BOOK NUMBER |
| International Standard Book Number |
9789678921145 |
| Qualifying information |
paperback |
| Terms of availability |
RM39.90 |
| 040 ## - CATALOGING SOURCE |
| Original cataloging agency |
AKMAL |
| 082 04 - DEWEY DECIMAL CLASSIFICATION NUMBER |
| Classification number |
342.59502 |
| Edition number |
23 |
| 090 20 - LOCALLY ASSIGNED LC-TYPE CALL NUMBER (OCLC); LOCAL CALL NUMBER (RLIN) |
| Classification number (OCLC) (R) ; Classification number, CALL (RLIN) (NR) |
342.59502 |
| Local cutter number (OCLC) ; Book number/undivided call number, CALL (RLIN) |
MAL |
| 110 1# - MAIN ENTRY--CORPORATE NAME |
| Corporate name or jurisdiction name as entry element |
Malaysia, |
| Relator term |
issuing body. |
| 9 (RLIN) |
400 |
| 245 10 - TITLE STATEMENT |
| Title |
PERLEMBAGAAN DAN UNDANG-UNDANG AM : |
| Remainder of title |
[PANDUAN KEPADA CALON-CALON PEPERIKSAAN UNDANG-UNDANG KERAJAAN] : |
| -- |
(HINGGA 10HB April 2012) / |
| Statement of responsibility, etc. |
disusun oleh: Lembaga Penyelidikan Undang-undang |
| 260 ## - PUBLICATION, DISTRIBUTION, ETC. |
| Place of publication, distribution, etc. |
Petaling Jaya, Selangor Darul Ehsan |
| Name of publisher, distributor, etc. |
International Law Book Services |
| Date of publication, distribution, etc. |
2012 |
| 264 #1 - PRODUCTION, PUBLICATION, DISTRIBUTION, MANUFACTURE, AND COPYRIGHT NOTICE |
| Place of production, publication, distribution, manufacture |
Petaling Jaya, Selangor : |
| Name of producer, publisher, distributor, manufacturer |
International Law Book Services, |
| Date of production, publication, distribution, manufacture, or copyright notice |
2012 |
| 300 ## - PHYSICAL DESCRIPTION |
| Extent |
xii, 756 pages ; |
| Dimensions |
25 cm. |
| 490 1# - SERIES STATEMENT |
| Series statement |
UNDANG-UNDANG MALAYSIA |
| 650 10 - SUBJECT ADDED ENTRY--TOPICAL TERM |
| Topical term or geographic name entry element |
Law |
| Geographic subdivision |
Malaysia |
| 9 (RLIN) |
450 |
| 650 20 - SUBJECT ADDED ENTRY--TOPICAL TERM |
| Topical term or geographic name entry element |
Constitutional law |
| Geographic subdivision |
Malaysia |
| 9 (RLIN) |
437 |
| 710 2# - ADDED ENTRY--CORPORATE NAME |
| Corporate name or jurisdiction name as entry element |
Lembaga Penyelidikan Undang-Undang, |
| Relator term |
editor of compilation. |
| 9 (RLIN) |
8554 |
| 830 #0 - SERIES ADDED ENTRY--UNIFORM TITLE |
| Uniform title |
UNDANG-UNDANG MALAYSIA |
| 9 (RLIN) |
8555 |
| 942 ## - ADDED ENTRY ELEMENTS (KOHA) |
| Source of classification or shelving scheme |
|
| Koha item type |
Book |